00270nam a2200085 a 450000500170000000800410001705000200005810000240007824500820010220140408090006.0021022s19uu xx 00 eng d aPGS '98bCAR #8 aCarandang, Canvilla aThe Possible effect of telephone metering on the telephone habits of grade 6.